000 00293nam a2200121Ia 4500
008 190216s9999||||xx |||||||||||||| ||und||
100 _a"Bennett Co, Myers Je"
245 0 _a"Momentum, Heat And Mass Transfer"
260 _bMcgraw -hill
_c1983
300 _a832
650 _aHeat
942 _cBK
999 _c33824
_d33824